000 02030cam a22002533a 4500
001 13056
003 PGUSA
005 20140828083300.0
008 040730s2004||||xxu|||||s|||||000 i eng d
040 _aPGUSA
_beng
042 _adc
050 4 _aPT
245 1 4 _aThe German Classics of the Nineteenth and Twentieth Centuries, Volume 10 :
_bPrince Otto Von Bismarck, Count Helmuth Von Moltke, Ferdinand Lassalle
_h[electronic resource]
260 _bProject Gutenberg,
_c2004
505 0 _aBismarck as a National Type. By Kuno Francke. -- The Love Letters of Bismarck. -- Correspondence of William I. and Bismarck. -- From "Thoughts and Recollections." -- Bismarck as an Orator. By Edmund von Mach. -- Bismarck: Professorial Politics -- Speech from the Throne -- Alsace-Lorraine a Glacis Against France -- We Shall Never Go to Canossa! -- Bismarck as the "Honest Broker" -- Salus Publica--Bismarck's Only Lode-Star -- Practical Christianity -- We Germans Fear God, and Nought Else in the World -- Mount the Guards at the Warthe and the Vistula! -- Long Live the Emperor and the Empire! -- The Life of Moltke. By Karl Detlev Jessen. -- von Moltke: The Political and Military Conditions of the Ottoman Empire in 1836. -- A Trip to Brussa. -- A Journey to Mossul. -- A Bullfight in Spain. -- Description of Moscow. -- The Peace Movement. -- Fighting on the Frontier. -- Battle of Gravelotte--St. Privat. -- Consolatory Thoughts on the Earthly Life and a Future Existence. -- The Life and Work of Ferdinand Lassalle. By Arthur N. Holcombe. -- Lassalle: The Workingmen's Programme. -- Science and the Workingmen. -- Open Letter to the Central Committee.
506 _aPublic domain in the USA.
516 _aElectronic text
653 _aGerman literature -- 20th century -- Translations into English
653 _aGerman literature -- 19th century -- Translations into English
700 1 _aFrancke, Kuno,
_d1855-1930
830 0 _aProject Gutenberg
_v13056
856 4 0 _uhttp://www.gutenberg.org/ebooks/13056
942 _cEB
999 _c242311
_d242311